High-speed computing devices. (Record no. 541533)
[ view plain ]
| 000 -LEADER | |
|---|---|
| fixed length control field | 00718cam a22001691 4500 |
| 082 ## - DEWEY DECIMAL CLASSIFICATION NUMBER | |
| Classification number | 004 |
| Author Mark | ENG |
| -- | L-10 ;P-27 |
| 110 2# - MAIN ENTRY--CORPORATE NAME | |
| Corporate name or jurisdiction name as entry element | Engineering Research Associates. |
| 9 (RLIN) | 36480 |
| 245 10 - TITLE STATEMENT | |
| Title | High-speed computing devices. |
| Statement of responsibility, etc. | Supervised by C. B. Tompkins and C. H. Wakelin. Edited by W. W. Stifler, Jr. |
| 250 ## - EDITION STATEMENT | |
| Edition statement | 1st ed. |
| 260 ## - PUBLICATION, DISTRIBUTION, ETC. | |
| Place of publication, distribution, etc. | New York, |
| Name of publisher, distributor, etc. | McGraw-Hill |
| Date of publication, distribution, etc. | 1950. |
| 300 ## - PHYSICAL DESCRIPTION | |
| Extent | xiii, 451 p. |
| Other physical details | diagrs. |
| Dimensions | 24 cm. |
| 500 ## - GENERAL NOTE | |
| General note | "Contents of this volume were first assembled in the form of a report to the Office of Naval Research, prepared under a provision of contract N6-ONR-240, Task 1." |
| 526 ## - STUDY PROGRAM INFORMATION NOTE | |
| Program name | 0 |
| Interest level | 0 |
| Reading level | 0 |
| Title point value | 004_000000000000000_ENG |
| 650 #0 - SUBJECT ADDED ENTRY--TOPICAL TERM | |
| Topical term or geographic name entry element | Computers. |
| 700 1# - ADDED ENTRY--PERSONAL NAME | |
| Personal name | Tompkins, Charles Brown, |
| 9 (RLIN) | 36481 |
| 942 ## - ADDED ENTRY ELEMENTS (KOHA) | |
| Source of classification or shelving scheme | |
| Koha item type | Book |
| Withdrawn status | Lost status | Source of classification or shelving scheme | Damaged status | Not for loan | Permanent Location | Current Location | Date acquired | Total Checkouts | Full call number | Barcode | Date last seen | Price effective from | Koha item type |
|---|---|---|---|---|---|---|---|---|---|---|---|---|---|
| Military College of Engineering (MCE) | Military College of Engineering (MCE) | 08/06/2013 | 004 ENG | MCE-41038 | 08/06/2013 | 08/06/2013 | Book |
